000 00471nam a2200169 i 4500
001 99463
003 ES-MaACL
005 20230906182512.0
007 t|
008 050912s1967 sp ||||1| spa d
100 1 _aMartín Vigil, José Luis.
_977676
245 1 0 _aUn sexo llamado débil /
_cpor José Luis Martín Vigil.
250 _a[1ª ed.].
260 _aOviedo :
_bRichard Grandio,
_c1967.
300 _a464 p. ;
_c19 cm.
852 _aES-MaACL
_jC-33810
_bR.64683
999 _c99463
_d99463